00920nam a2200145Ia 4500008004100000020001800041100007500059245017000134260002700304650026000331650002200591856005200613999001900665952009000684171212s9999 xx 000 0 und d a9780833078063 aGordon IV, John;Wallace, Brett Andrew;Tremblay, Daniel;Hollywood, John cGordon IV, John;Wallace, Brett Andrew;Tremblay, Daniel;Hollywood, JohnaKeeping Law Enforcement ConnectedbInformation Technology Needs from State and Local Agencies bRAND Corporationc2012 aLaw enforcement -- Information technology -- United States; Law enforcement -- United States -- Data processing; Criminal justice, Administration of -- Information technology -- United States; Criminal justice, Administration of -- United States -- Data p aPolitical Science uhttp://www.jstor.org/stable/10.7249/j.ctt5hhwb1 c352252d352252 001040aCLbCLd2017-12-12l0oHV8141.G67 2012r2017-12-12 00:00:00w2017-12-12yCBE